| 000 | 00600nam a22002057a 4500 | ||
|---|---|---|---|
| 003 | LK-CoMWRAF | ||
| 005 | 20231013115052.0 | ||
| 008 | 231013b2005 |||||||| |||| 00| 0 eng d | ||
| 020 | _a0072917091 | ||
| 040 |
_aLK-CoMWRAF _dLK-CoMWRAF _eLK-CoMWRAF |
||
| 041 | _aeng | ||
| 082 |
_a616.89 _bTAK |
||
| 245 |
_aTaking sides: _bclashing views on controversial issues in abnormal psychology |
||
| 250 | _a3rd ed. | ||
| 260 |
_aIowa: _bMcGraw-Hill, _c2005 |
||
| 300 |
_axxii, 408 p. : ill. ; 24 cm. _bIndex included |
||
| 650 | _aPsychology, Pathological | ||
| 700 | _aHalgin, Richard P. | ||
| 942 | _cBK | ||
| 999 |
_c3842 _d3842 |
||